Symboles et emblèmes culturels de la France - Statistiques

Statistiques générales
  • Ce quiz a été pris 1 794 fois
  • Le résultat moyen est 19 sur 24
Statistiques - réponses
Description Réponse % Correct
Devise nationale égalité,
99%
Devise nationale fraternité.
99%
Hymne national La Marseillaise
99%
Jour de la fête nationale 14 juillet
98%
Devise nationale Liberté,
98%
Type de pain allongé (qu'on porterait sous le bras) Baguette
96%
Fleur, ancien symbole de la royauté Fleur de lys
96%
Brie, camembert, roquefort en sont de fameux exemples Fromages
96%
Allégorie féminine de la République Marianne
95%
Animal national Coq gaulois
94%
Tels le Chablis, Pinot Gris où Champagne, etc. Vins
93%
Forme géométrique symbolisant le territoire français Hexagone
92%
Sainte patronne, figure majeure de la guerre de Cent Ans Jeanne d'Arc
87%
Couvre-chef en feutre souple, d'origine béarnaise Béret
83%
Surnom donné au drapeau français Drapeau {tricolore}
83%
Célèbre dame de fer Tour Eiffel
82%
Tricot à rayures bleues et blanches Marinière
79%
"Art" du bien manger, de préparer et servir les aliments Gastronomie / cuisine française
78%
Son couvre-chef Bonnet phrygien
77%
Secteur de la création de vêtements de luxe H{aute} c{outure}
69%
Éléments présents sur les armoiries de la France Branches d'{olivier}
40%
Éléments présents sur les armoiries de la France Branches de {chêne}
38%
Éléments présents sur les armoiries de la France {Faisceau} de licteur
15%
Éléments présents sur les armoiries de la France Pelta
6%
Aucun quiz correspondant
Distribution des résultats
% des personnes avec chaque résultat
Percentile par nombre de réponses
Votre historique - résultats
Vous n’avez pas pris ce quiz